| 000 | 00780nam a22002417a 4500 | ||
|---|---|---|---|
| 003 | OSt | ||
| 005 | 20180116192413.0 | ||
| 008 | 130110t1980 xxu||||| |||| 00| 0 eng d | ||
| 020 | _a9780471289425 | ||
| 020 | _a 0442263902 | ||
| 040 | _c0 | ||
| 082 | _a720.28 | ||
| 100 | 1 |
_a Forseth, Kevin. _96167 |
|
| 245 | 1 | 0 |
_aGraphics for architecture / _cKevin Forseth ; with David Vaughan. |
| 260 |
_aNew York : _bVan Nostrand Reinhold, _c1980. |
||
| 300 |
_a 223 p. : _bill. ; _c21 x 28 cm. |
||
| 500 | _a Includes index. | ||
| 650 |
_aArchitectural drawing _xTechnique. _96168 |
||
| 650 |
_aArchitectural rendering _xTechnique. _96169 |
||
| 650 |
_aPerspective _xTechnique. _96170 |
||
| 700 | 1 |
_aVaughan, David, _d1924- |e joint author. _e joint author. _96171 |
|
| 942 |
_2ddc _cBK |
||
| 999 |
_c353604 _d353604 |
||